Historia universal durante la república romana; tomo i /

Guardado en:
Autor Principal: Publio, Megalopolitano
Formato: Libro
Publicado: Madrid : Hernando, 1902
Materias:
Etiquetas: Agregar Etiqueta
Sin Etiquetas, Sea el primero en etiquetar este registro!
LEADER 00494nam a22001695a 4500
001 CEM.cems005170
005 20060220000000.0
008 130507s1902##################000#0#####d
003 CEMS
082 0 4 |a 938 
100 1 |a Publio, Megalopolitano 
245 1 0 |a Historia universal durante la república romana; tomo i / 
260 |a Madrid :  |b Hernando,  |c 1902 
300 |a 434 p. 
653 |a Historia 
653 |a Historia antigua y medieval 
859 |a CEMS  |b BIB. CEMS - 11 de abril  |h 938  |i P759/I  |p 9359.81  |t Ej.1